000 00455nam a2200169Ia 4500
008 180921t2015 xxu||||| |||| 00| 0 sin d
041 _asin
080 _a82-9
_bKUR
100 _aKuruppu,D.B.
245 _aපෙම පමණයි සැබෑ වන්නේ
246 _aPema Pamanai Saba Wanne
260 _bEthika Publisher
_aKalugamuwa
_c2015
300 _b212p, 21cm
942 _cBK
999 _c3197
_d3197
003 LK-CoDNM
040 _aLK-CoDNM
_dLK-CoDNM
_eLK-CoDNM